Machine design / (Record no. 11340)
[ view plain ]
| 000 -LEADER | |
|---|---|
| fixed length control field | 01001cam a2200169ua 4500 |
| 003 - CONTROL NUMBER IDENTIFIER | |
| control field | OSt |
| 008 - FIXED-LENGTH DATA ELEMENTS--GENERAL INFORMATION | |
| fixed length control field | 220202b ||||| |||| 00| 0 eng d |
| 041 ## - LANGUAGE CODE | |
| Language code of text/sound track or separate title | eng |
| 082 ## - DEWEY DECIMAL CLASSIFICATION NUMBER | |
| Classification number | 621.815 |
| Item number | PAN/MA |
| 100 ## - MAIN ENTRY--AUTHOR NAME | |
| Personal name | Pandya , N C . |
| 245 ## - TITLE STATEMENT | |
| Title | Machine design / |
| 260 ## - PUBLICATION, DISTRIBUTION, ETC. (IMPRINT) | |
| Place of publication | Anand : |
| Name of publisher | Charotar publishing house , |
| Year of publication | 1997. |
| 300 ## - PHYSICAL DESCRIPTION | |
| Number of Pages | ; . |
| 505 ## - FORMATTED CONTENTS NOTE | |
| Formatted contents note | <br/>1 : MATERIALS OF CONSTRUCTION AND THEIR<br/>PROPERTIES<br/>2 : DESIGN CONSIDER AT LONS IN MACHINE PARTS<br/>3 : CYLINDERS, TANKS AND PIPES<br/>4 : RIVETED JOINTS<br/>5 : BOLTS, NUTS AND SCREWS<br/>6 : COTTER AND KNUCKLE JOINTS<br/>7 : SHAFTS, KEYS AND COUPLINGS<br/>8 : SPRINGS<br/>9 : BEARINGS<br/>10 : STRUTS AND COLUMNS<br/>11 : POWER SCREWS<br/>12 : LEVERS<br/>13 : BRACKETS<br/>14 : BELTS, PULLEYS AND CHAIN DRIVES<br/>15 : FLYWHEELS<br/>16 : GEARS<br/>17 : WELDED CONNECTIONS<br/>18 : DESIGN OF MISCELLANEOUS MACHINE<br/>PARTS I ENGINES AND BOILERS<br/>19 : DESIGN OF MISCELLANEOUS MACHINE<br/>PARTS II BRAKES AND CLUTCHES<br/>20 : DESIGN PROJECTS APPENDICES |
| 700 1# - ADDED ENTRY--PERSONAL NAME | |
| Personal name | Shah, C S . |
| 942 ## - ADDED ENTRY ELEMENTS (KOHA) | |
| Koha item type | Books |
| Withdrawn status | Lost status | Damaged status | Home library | Current library | Date acquired | Full call number | Accession Number | Koha item type |
|---|---|---|---|---|---|---|---|---|
| KAUAET | KAUAET | 07/04/2012 | 621.815 | 20552 | Books |
